AC motor design. Rotating, magnetic fields in a changing environment /
Enregistré dans:
| Auteur principal: | |
|---|---|
| Format: | Livre |
| Langue: | anglais |
| Publié: |
Berlin :
Springer Verlag,
1989
|
| Tags: |
Pas de tags, Soyez le premier à ajouter un tag!
|
MARC
| LEADER | 00000nam a22000003a 4500 | ||
|---|---|---|---|
| 001 | stu441 | ||
| 005 | 20150617225618.4 | ||
| 008 | 910528s1989----gw------------------eng-d | ||
| 040 | |a STU |b slo | ||
| 041 | 0 | |a eng | |
| 044 | |a gw | ||
| 080 | |a 621.313.3.04 |7 stu_us_auth*stu8425 | ||
| 100 | 1 | |a Jong, H.C.J. de |4 aut | |
| 245 | 1 | |a AC motor design. Rotating, magnetic fields in a changing environment / |c [aut.] Jong,H.C.J. de | |
| 260 | |a Berlin : |b Springer Verlag, |c 1989 | ||
| 300 | |a 187 s | ||
| 996 | |b E69948 |c E*69948 |l EE04 |s P |a 0 |w stu441_0001 | ||